000 00193nam a2200097 4500
999 _c530118
_d530118
040 _cDLC
082 _a482.2
_bGRE
100 _aGreenbaum
_923465
245 _aEnglish Grammer
942 _2ddc
_cBK